Contemporary engineering economics (Record no. 2014)

000 -LEADER
fixed length control field 00571nam a22002054a 4500
001 - CONTROL NUMBER
control field 2014
003 - CONTROL NUMBER IDENTIFIER
control field BD-DhUET
008 - FIXED-LENGTH DATA ELEMENTS--GENERAL INFORMATION
fixed length control field 160220b xxu||||| |||| 00| 0 eng d
020 ## - INTERNATIONAL STANDARD BOOK NUMBER
International Standard Book Number 0130893102
040 ## - CATALOGING SOURCE
Original cataloging agency DLC
Transcribing agency DLC
Modifying agency BD-DhUET
Language of cataloging 0
082 00 - DEWEY DECIMAL CLASSIFICATION NUMBER
Classification number 658.15
Item number PAR/2002
100 1# - MAIN ENTRY--PERSONAL NAME
Personal name Park, Chan S.
245 10 - TITLE STATEMENT
Title Contemporary engineering economics
Statement of responsibility, etc. by Chan S. Park
250 ## - EDITION STATEMENT
Edition statement 3rd ed.
260 ## - PUBLICATION, DISTRIBUTION, ETC. (IMPRINT)
Place of publication, distribution, etc. New Jersey
Name of publisher, distributor, etc. Prentice Hall
Date of publication, distribution, etc. 2002
300 ## - PHYSICAL DESCRIPTION
Extent xxxi, 920 p.
Other physical details ill. (some col.), map
Dimensions 24 cm.
504 ## - BIBLIOGRAPHY, ETC. NOTE
Bibliography, etc Includes bibliographies
650 #0 - SUBJECT ADDED ENTRY--TOPICAL TERM
Topical term or geographic name as entry element Engineering economy
942 ## - ADDED ENTRY ELEMENTS (KOHA)
Koha item type General Book
Holdings
Shelving location Koha normalized classification for sorting Damaged status Sublocation or collection (holding branch) Not for loan Koha issues (times borrowed) Copy number Koha full call number Withdrawn status Source of classification or shelving scheme Koha date last seen Price effective from Koha item type Date acquired Lost status Koha date last borrowed Location (home branch) Piece designation (barcode)
Circulation section658_000000000000000_15PAR2002 Central Library, BUET  1658.15/PAR/2002  2014-09-162014-09-16General Book2014-09-16  Central Library, BUET102575
Circulation section658_000000000000000_15PAR2002 Central Library, BUET  2658.15/PAR/2002  2014-09-162014-09-16General Book2014-09-16  Central Library, BUET102580
Circulation section658_000000000000000_15PAR2002 Central Library, BUET 13658.15/PAR/2002  2019-04-132014-09-16General Book2014-09-16 2018-11-12Central Library, BUET102574
Circulation section658_000000000000000_15PAR2002 Central Library, BUET  4658.15/PAR/2002  2014-09-162014-09-16General Book2014-09-16  Central Library, BUET102579
Circulation section658_000000000000000_15PAR2002 Central Library, BUET  5658.15/PAR/2002  2014-09-162014-09-16General Book2014-09-16  Central Library, BUET102581
Circulation section658_000000000000000_15PAR2002 Central Library, BUET  6658.15/PAR/2002  2014-09-162014-09-16General Book2014-09-16  Central Library, BUET102576
Circulation section658_000000000000000_15PAR2002 Central Library, BUET  7658.15/PAR/2002  2014-09-162014-09-16General Book2014-09-16  Central Library, BUET102578
Circulation section658_000000000000000_15PAR2002 Central Library, BUET  8658.15/PAR/2002  2014-09-162014-09-16General Book2014-09-16  Central Library, BUET102577
Circulation section658_000000000000000_15PAR2002 Central Library, BUET  9658.15/PAR/2002  2014-09-162014-09-16General Book2014-09-16  Central Library, BUET102573
Circulation section658_150000000000000_PAR_2002 Central Library, BUET  10658.15/PAR/2002  2017-04-152017-04-15General Book2006-06-26  Central Library, BUET102582